Droghe più diffuse al mondo - Statistics

Statistiche generali
  • Questo quiz è stato fatto 26 volte
  • Il punteggio medio è 11 su 26
Statistiche sulle risposte
Descrizione Droga % Corretto
Stimolante (euforizzante) Cocaina
100%
Cannabinoide / psicoattivo (lievemente allucinogeno-sedativo) Cannabis
95%
Oppioide (narcotico) Eroina
95%
Allucinogeno (psichedelico) LSD
71%
Cannabinoide Hashish
67%
Oppioide (analgesico molto potente) Fentanyl
62%
Depressore del SNC / sedativo-ipnotico GHB
57%
Empatogeno / entactogeno (stimolante-euforizzante) MDMA (ecstasy)
57%
Depressore del SNC (sedativo) Alcol
52%
Stimolante (nicotina) Tabacco
52%
Stimolante (cocaina base libera) Crack
48%
Oppioide (analgesico narcotico) Morfina
43%
Dissociativo / anestetico Ketamina
38%
Stimolante potente Metanfetamina
38%
Oppioide (analgesico / terapia sostitutiva) Metadone
29%
Ansiolitici / sedativi-ipnotici Benzodiazepina
24%
Oppioide (analgesico narcotico) Codeina
24%
Oppioide (analgesico narcotico) Ossicodone
24%
Stimolante (psicoattivo) Anfetamina
19%
Inalante (nitriti alchilici, vasodilatatore) Popper
19%
Allucinogeno (psichedelico) Ayahuasca
10%
Sedativi-ipnotici Barbiturici
10%
Allucinogeno (psichedelico) Funghetti allucinogeni
10%
Stimolante Khat
5%
Allucinogeno (mescalina, psichedelico) Peyote
5%
Cannabinoide sintetico Spice
5%
Nessun quiz corrispondente trovato
Distribuzione punteggi
Percentuale di utenti per punteggio
Percentile per numero di risposta
I tuoi punteggi nel tempo
Non hai fatto questo quiz